日東駒専の学部 - Statistics

General Stats
  • This quiz has been taken 216 times
    214 since last reset
  • The average score is 23 of 45
Answer Stats
大学 学部 % Correct
経済学部
96%
経済学部
96%
経済学部
96%
専修大学 経済学部
96%
東洋大学 文学部
95%
文学部
95%
文学部
95%
日本大学 法学部
92%
法学部
92%
法学部
92%
法学部
92%
医学部
89%
理工学部
86%
理工学部
86%
工学部
84%
経営学部
77%
経営学部
77%
経営学部
77%
商学部
62%
商学部
62%
歯学部
56%
社会学部
53%
薬学部
51%
文理学部
45%
危機管理学部
44%
国際学部
41%
駒澤大学 仏教学部
41%
芸術学部
38%
松戸歯学部
36%
スポーツ科学部
29%
国際関係学部
22%
生産工学部
18%
国際観光学部
15%
生物資源科学部
13%
人間科学部
11%
生命科学部
10%
国際コミュニケーション学部
10%
グローバル・メディア・スタディーズ学部
8%
総合情報学部
5%
ネットワーク情報学部
5%
東洋大学 情報連携学部
4%
医療健康科学部
3%
福祉社会デザイン学部
2%
健康スポーツ科学部
2%
食環境科学部
2%
No matching quizzes found
Score Distribution
Percent of People with Each Score
Percentile by Number Answered
Your Score History
You have not taken this quiz since the last reset